000 00351nam a2200145Ia 4500
008 240624s9999 xx 000 0 und d
041 _aeng
082 _a346.07 SIN
100 _aSINGH AVTAR
245 _aMERCANTILE LAW
250 _a(8th ed.)
260 _c2006
_aLucknow
_bEastern Book Company
300 _a904 : p. : cm. ; 24
365 _cRS
_b15
999 _c12013
_d12013